The Rohingya: (Record no. 507763)

000 -LEADER
fixed length control field 00369nam a2200145 4500
008 - FIXED-LENGTH DATA ELEMENTS--GENERAL INFORMATION
fixed length control field 190223b ||||| |||| 00| 0 eng d
100 ## - MAIN ENTRY--PERSONAL NAME
Personal name Bose, Tapan
245 ## - TITLE STATEMENT
Title The Rohingya:
Remainder of title a persecuted people, abandoned again
260 ## - PUBLICATION, DISTRIBUTION, ETC. (IMPRINT)
Date of publication, distribution, etc 2018
300 ## - PHYSICAL DESCRIPTION
Extent p.86-95.
650 ## - SUBJECT ADDED ENTRY--TOPICAL TERM
Topical term or geographic name as entry element Rohingya
9 (RLIN) 2420
773 ## - HOST ITEM ENTRY
Main entry heading IIC Quarterly
906 ## - LOCAL DATA ELEMENT F, LDF (RLIN)
Subject DIP Refugees
942 ## - ADDED ENTRY ELEMENTS (KOHA)
Source of classification or shelving scheme
Item type Articles
Holdings
Withdrawn status Lost status Source of classification or shelving scheme Damaged status Not for loan Permanent location Current location Date acquired Serial Enumeration / chronology Barcode Date last seen Koha item type
          Indian Institute of Public Administration Indian Institute of Public Administration 2019-02-23 45(2), Autumn, 2018: p.86-95. AR119006 2019-02-23 Articles

Powered by Koha